MDQL
is popping MORE tags! Check the
thread
!
Quizzes
Events
Quiz Creation
Community
Videos
Private Events
Remove Ads
Sign In
Join for FREE
Feedback
Dark Mode
Quiz Categories
Sports
Geography
Music
Movies
Television
Just For Fun
Miscellaneous
History
Literature
Language
Science
Gaming
Entertainment
Religion
Holiday
For Kids
Quiz Lab
Recent
Popular Today
Quiz Kudos Today
Editor Picks
Curator Picks
Quizzes by...
Day
Popularity
Type
Ratings
Length
Year
Community
Subscriptions
Recent Discussions
Orange Saloon
Badges
Playlists
Quests
Create
Leaderboards
Showdown
Live 5
Trivia Bingo
Activity
Puzzle Library
Sporcle Events
Private Events
Virtual Trivia
Globe League
Become a Host
Pub Owners
SporcleCon
Opinionation
Our Games
Videos
Blog
Mobile Apps
Partnerships
Remove Ads and Go Orange
Feedback
Sports
Athletes
MLB
NBA
NHL
NFL
Soccer
Sports Teams
WWE
NCAA
Football
Premier League
Basketball
Baseball
Hockey
Golf
Tennis
Cricket
Rugby
Auto Racing
Olympics
World Cup
Sports
Athletes
MLB
NBA
NHL
NFL
Soccer
Sports Teams
WWE
NCAA
Football
Premier League
Basketball
Baseball
Hockey
Golf
Tennis
Cricket
Rugby
Auto Racing
Olympics
World Cup
Random Quiz
Search Sporcle
×
Quiz Lab
Quiz Lab
Sports
uci
Type in answers that appear in a list
Type in answers that appear in a list
Classic
Best Score? Go Orange.
Cycling: Top Ten Tour de France 1920-1929 Stats
Can you name the Cycling: Top Ten Tour de France 1920-1929?
By
nielsongena1
15m
100 Questions
373 Plays
373 Plays
373 Plays
Comments
Comments
Give Quiz Kudos
Give Quiz Kudos
-
- Ratings
hide this ad
Replay
Link that replays current quiz
Next Quiz
Link to next quiz in quiz playlist
You Got
0%
They Got
Avg Score
62%
Avg Friend Score
Upgrade to see
Score Distribution
Jump to the score distribution portion of the page
Score
0/100
Timer
15:00
0
Plays Today
Hint
Answer
% Correct
1920
Philippe Thys
97.9%
1920
Firmin Lambot
95.2%
1921
Firmin Lambot
95.2%
1922
Firmin Lambot
95.2%
1924
Nicolas Frantz
95.2%
1925
Nicolas Frantz
95.2%
1926
Nicolas Frantz
95.2%
1927
Nicolas Frantz
95.2%
1928
Nicolas Frantz
95.2%
1929
Nicolas Frantz
95.2%
1923
Ottavio Bottecchia
94.6%
1924
Ottavio Bottecchia
94.6%
1925
Ottavio Bottecchia
94.6%
1923
Henri Pélissier
94.4%
1927
Maurice De Waele
93%
1928
Maurice De Waele
93%
1929
Maurice De Waele
93%
1920
Léon Scieur
92%
1921
Léon Scieur
92%
1923
Lucien Buysse
90.9%
1924
Lucien Buysse
90.9%
1925
Lucien Buysse
90.9%
1926
Lucien Buysse
90.9%
1926
Jules Buysse
90.9%
1927
André Leducq
88.2%
1928
André Leducq
88.2%
1927
Antonin Magne
85.8%
1928
Antonin Magne
85.8%
1928
Pierre Magne
85.8%
1929
Antonin Magne
85.8%
1929
Pierre Magne
85.8%
1922
Jean Alavoine
78.3%
1922
Eugène Christophe
76.9%
1920
Hector Heusghem
76.4%
Hint
Answer
% Correct
1921
Hector Heusghem
76.4%
1922
Hector Heusghem
76.4%
1920
Louis Heusghem
76.1%
1927
Julien Vervaecke
71.6%
1928
Julien Vervaecke
71.6%
1929
Julien Vervaecke
71.6%
1929
Jef Demuysere
69.2%
1924
Bartolomeo Aymo
68.6%
1925
Bartolomeo Aymo
68.6%
1926
Bartolomeo Aymo
68.6%
1920
Honoré Barthélémy
66.8%
1921
Honoré Barthélémy
66.8%
1922
Félix Sellier
62.2%
1925
Félix Sellier
62.2%
1926
Félix Sellier
62.2%
1929
Giuseppe Pancera
61.1%
1929
Gaston Rebry
60.9%
1921
Hector Tiberghien
59.8%
1922
Hector Tiberghien
59.8%
1923
Hector Tiberghien
59.8%
1924
Hector Tiberghien
59.8%
1923
Romain Bellenger
58.7%
1924
Romain Bellenger
58.7%
1926
Marcel Bidot
57.1%
1928
Marcel Bidot
57.1%
1920
Emile Masson
51.5%
1929
Salvador Cardona
50.9%
1920
Jean Rossius
48.5%
1922
Jean Rossius
48.5%
1928
Victor Fontan
48.3%
1921
Luigi Lucotti
46.6%
1925
Federico Gay
45.8%
1920
Jef Vandaele
42.1%
1924
Joseph Muller
41.8%
Hint
Answer
% Correct
1920
Félix Goethals
41.6%
1921
Félix Goethals
41.6%
1927
Hector Martin
41.3%
1923
Arsène Alancourt
40.5%
1924
Theophile Beeckman
40.5%
1924
Arsène Alancourt
40.5%
1925
Theophile Beeckman
40.5%
1926
Theophile Beeckman
40.5%
1927
Adelin Benoît
39.1%
1925
Albert Dejonghe
38.1%
1926
Albert Dejonghe
38.1%
1921
Léon Despontin
37.8%
1922
Léon Despontin
37.8%
1923
Henri Collé
37.8%
1923
Léon Despontin
37.8%
1923
Marcel Huot
37.8%
1928
Marcel Huot
37.8%
1924
Omer Huyse
37.3%
1925
Omer Huyse
37.3%
1921
Victor Lenaers
36.7%
1922
Victor Lenaers
36.7%
1926
Georges Cuvelier
35.7%
1928
Jan Mertens
34.6%
1926
Léon Parmentier
33%
1923
Eugène Dhers
30.8%
1925
Auguste Verdyck
30.6%
1929
Louis Delannoy
30%
1921
Camille Leroy
28.2%
1927
Pé Verhaegen
27.1%
1927
Maurice Geldhof
27.1%
1927
Julien Moineau
26.5%
1922
Gaston Degy
26%
Quiz Playlist
Details
Report
Send in Message
Add To Playlist
Classic:
Type in answers that appear in a list
Last Updated: Feb 16, 2017
Quiz Scoreboard
CHALLENGE
Sign Up to Join the Scoreboard
Show All
Scores
Hide
Comments
May contain spoilers
Recently Published
Colored Red Africa Blitz
by spor1
Geography
30s
Find the 'City' Movie
by crazypaving
Movies
60s
5x2 Blitz: Bands
by SL_Kpop136
Music
30s
More to Explore
Quiz From the Vault
Featured Blog Post
14 Easter Pick-up Lines to Find Eggs With
hide this ad
You Might Also Like...
Tags
Cycling
Cycling Team
Cyclist
France
Top 10
Tour de France
uci
UCI Cycling
UCI Overall
UCI Road
World Tour
Today's Top Quizzes in Sports
Browse Sports
hide this ad
Top Contributed Quizzes in Sports
1
Les meilleurs buteurs des matchs entre le PSG et l’OM
2
Les entraîneurs de l'OM et du PSG au 21e siècle
3
Les joueurs passés par le PSG et l'OM
4
2022 World Cup Stars
5
Players with Multiple 50 Home Run Seasons
6
Criteria MLB: Left Handed Sluggers
7
MLB Players with Two .350 Batting Average Seasons
8
Les joueurs passés par le LOSC et le RC Lens
9
NBA Logic Puzzle 2.0
10
Top 10 NHL Goal Scorers of All Time
Explore More
Trending Topics
Harry Potter
Crossword
Marvel
NBA
Anime
Kpop
Disney
NFL
Song
Pokémon
Puzzle
The Office
WWE
Soccer
Country
hide this ad
More By:
nielsongena1
Quiz
Plays
Rating
Category
Featured
Created
Cycling: Monument Winners Since 1960
12,778
5.00
Sports
Dec 3, 2016
100 Greatest Road Cyclists of All Time
6,169
4.63
Sports
Jun 8, 2016
Cycling: World Championship Podium Since 1927
5,320
5.00
Sports
Jan 22, 2016
Cycling: Top Cyclists of All Time per Country
3,909
4.00
Sports
Jan 17, 2016
Cycling: Velo d'Or top 3
3,729
5.00
Sports
Aug 21, 2015
Go to Creator's Profile
Score Distribution
Quiz Creator Spotlight
nielsongena1
Follow
Send a Message
Quizzes Created
-
Created Quiz Play Count
-
More By This Creator
Popular Quizzes Today
1
Colored Red Africa Blitz
2
Find the US States - No Outlines Minefield
3
Find the 'City' Movie
4
5x2 Blitz: Bands
5
The Countries of the World
6
Find the US States
7
Find the Countries of Europe - No Outlines Minefield
8
US States
More Sports Quizzes
Isiah Thomas' Top Scoring teammates per season
Quiz Lab
Trending Quizzes
Colored Red Europe Blitz I
Colored Red Europe Blitz II
Colored Red Africa Blitz II
Colored Red Europe Blitz III
Colored Red Africa Blitz III
Recently Updated
How Do You Spell That?
pecheneg
Godzilla Movies
pecheneg
Grab Bag: 4-10 Letters
pecheneg
2024 March Madness Bracket
pecheneg
Famous TV Couples
Peacemaker
Champions League XIs: Real Madrid
pecheneg
Largest US Cities 1790-2010
pecheneg
Rides in Walt Disney World
pecheneg
Most Oscar Losses (Acting)
pecheneg
Beyoncé Albums
pecheneg
Trending Topics
Disney
Kpop
NBA
Anime
Harry Potter
Crossword
Marvel
Soccer
Pokémon
WWE
Puzzle
Song
The Office
Country
NFL
Your Account Isn't Verified!
In order to create a playlist on Sporcle, you need to verify the email address you used during registration. Go to your
Sporcle Settings
to finish the process.
Report this User
Report this user for behavior that violates our
Community Guidelines
.
Details:
Send Report
Go to the Sporcle.com Mobile Site →
Comments